000 00505nam a22002057a 4500
001 25486
005 20260424082344.0
008 260424b |||||||| |||| 00| 0 spa d
041 _aESP
082 _a985.05
_bR68
100 _aRivera Martínez, Edgardo
245 _aLa obra peruanista de Léonce Angrand (1834-1838, 1847)
260 _a :
_b ,
_c2010
300 _a234 páginas :
_b ;
_c28 cm.
440 _a ;
650 _aHIS
654 _aCHU
700 _a;
942 _cLIB
_dJUS
_fJUS
_n0
_2ddc
999 _c25486
_d25486